000 01194nam a22002417a 4500
005 20170124103133.0
010 _aB-068692
020 _c00.00
_a8173914923
035 _aB-068692
037 _bCen Lib/Ret
040 _aDPL
_bHN
082 _a781.264
_bनाहर
100 _aनाहर, प्रेमलता
_984586
245 _aहिन्दुस्तानी संगीत में सारंग, मल्हार और कान्हड़ा /
_cप्रेमलता नाहर
246 _aHindustani sangeet me sarang , malhaar aur kanhada /
_bby Premlata Nahar
260 _aनयी दिल्ली
_bकनिष्का पब्लिशेर्स
_c2002
270 _bनयी दिल्ली
_a4697/5-21 A, अनासरी रोड, दरियागंज
_e110002
300 _a246पृ.
_c20सेमी(सजिल्द )
500 _aसन्दर्भ सूची शामिल
650 _aसंगीत शिक्षा--भारत
_x
_z
_981361
650 _aMusic Education - India
_984587
942 _2ddc
_cHN
_h781.264
_mनाहर
999 _c119376
_d119376